000 00283nam a2200109Ia 4500
001 1276081
005 20260417160440.0
008 260417s9999 xx 000 0 und d
020 _a9786256309142
245 0 _aCenk Hikayeleri - Baskın
_cYavuz Bahadıroğlu
260 _bKetebe Genç
999 _c1276081
_d1276081